| 000 | 00833cab a2200265 4500 | ||
|---|---|---|---|
| 001 | WB3219-45 | ||
| 008 | 090401t1996 xxu||||| |||| 00| 0 eng d | ||
| 035 | _a(Sirsi) u1880 | ||
| 041 | _aeng | ||
| 245 | _aEngland`s glories sink under tide of tourists | ||
| 260 | _c1996 | ||
| 350 | _a0 | ||
| 490 |
_aSunday Telegraph _v12 May 1996, 11(2) |
||
| 520 | _aEnglish Heritage is attempting to limit the damage caused by the number of tourists visiting key sites by advertising alternative attractions across the country and opening more through the winter. | ||
| 650 | _aCANTERBURY | ||
| 650 | _aCHESTER | ||
| 650 | _aENGLISH HERITAGE | ||
| 650 | _aHADRIANS WALL | ||
| 650 | _aSTRATFORD UPON AVON | ||
| 650 | _aTOURISM | ||
| 690 | _aCONSERVATION | ||
| 690 | _aLEISURE AND RECREATION | ||
| 942 | _n0 | ||
| 948 | _c04/03/1997 | ||
| 999 |
_c1096 _d1096 |
||